|
|
|
|
| LEADER |
02812nam a2200541 4500 |
| 001 |
978-3-030-03177-0 |
| 003 |
DE-He213 |
| 005 |
20191025212228.0 |
| 007 |
cr nn 008mamaa |
| 008 |
181119s2019 gw | s |||| 0|eng d |
| 020 |
|
|
|a 9783030031770
|9 978-3-030-03177-0
|
| 024 |
7 |
|
|a 10.1007/978-3-030-03177-0
|2 doi
|
| 040 |
|
|
|d GrThAP
|
| 050 |
|
4 |
|a JC421-472.2
|
| 072 |
|
7 |
|a JPHV
|2 bicssc
|
| 072 |
|
7 |
|a POL007000
|2 bisacsh
|
| 072 |
|
7 |
|a JPHV
|2 thema
|
| 082 |
0 |
4 |
|a 321.8
|2 23
|
| 100 |
1 |
|
|a von Beyme, Klaus.
|e author.
|4 aut
|4 http://id.loc.gov/vocabulary/relators/aut
|
| 245 |
1 |
0 |
|a Rightwing Populism
|h [electronic resource] :
|b An Element of Neodemocracy /
|c by Klaus von Beyme.
|
| 250 |
|
|
|a 1st ed. 2019.
|
| 264 |
|
1 |
|a Cham :
|b Springer International Publishing :
|b Imprint: Springer,
|c 2019.
|
| 300 |
|
|
|a VI, 103 p. 5 illus., 4 illus. in color.
|b online resource.
|
| 336 |
|
|
|a text
|b txt
|2 rdacontent
|
| 337 |
|
|
|a computer
|b c
|2 rdamedia
|
| 338 |
|
|
|a online resource
|b cr
|2 rdacarrier
|
| 347 |
|
|
|a text file
|b PDF
|2 rda
|
| 490 |
1 |
|
|a Texts and Protocols ;
|v 40
|
| 505 |
0 |
|
|a Chapter 1. Populism Typologies in the Age of Globalisation and Post-Democratisation -- Chapter 2. Ideologies to Political Theories of the Past -- Chapter 3.Political Parties and Populism -- Chapter 4. Populism, Right-Wing Extremism and Neo-Nationalism -- Chapter 5. Conclusion: The New Normative Debate about Democracy and the Merits and Failures of Populism -- Bibliography.
|
| 520 |
|
|
|a This book, written by a prominent German political scientist and specialist for political theory and comparative government, analyses right-wing populism as a topical theme of postmodern party systems in Europe and the United States. .
|
| 650 |
|
0 |
|a Democracy.
|
| 650 |
|
0 |
|a Political sociology.
|
| 650 |
|
0 |
|a Social sciences.
|
| 650 |
|
0 |
|a Political philosophy.
|
| 650 |
|
0 |
|a Historical sociology.
|
| 650 |
1 |
4 |
|a Democracy.
|0 http://scigraph.springernature.com/things/product-market-codes/911050
|
| 650 |
2 |
4 |
|a Political Sociology.
|0 http://scigraph.springernature.com/things/product-market-codes/X22170
|
| 650 |
2 |
4 |
|a Methodology of the Social Sciences.
|0 http://scigraph.springernature.com/things/product-market-codes/X17000
|
| 650 |
2 |
4 |
|a Political Philosophy.
|0 http://scigraph.springernature.com/things/product-market-codes/E37000
|
| 650 |
2 |
4 |
|a Historical Sociology.
|0 http://scigraph.springernature.com/things/product-market-codes/X22130
|
| 710 |
2 |
|
|a SpringerLink (Online service)
|
| 773 |
0 |
|
|t Springer eBooks
|
| 776 |
0 |
8 |
|i Printed edition:
|z 9783030031763
|
| 776 |
0 |
8 |
|i Printed edition:
|z 9783030031787
|
| 830 |
|
0 |
|a Texts and Protocols ;
|v 40
|
| 856 |
4 |
0 |
|u https://doi.org/10.1007/978-3-030-03177-0
|z Full Text via HEAL-Link
|
| 912 |
|
|
|a ZDB-2-POS
|
| 950 |
|
|
|a Political Science and International Studies (Springer-41174)
|